| 000 | 01354nam a2200361 i 4500 | ||
|---|---|---|---|
| 001 | 017936695 | ||
| 003 | EG-ScBUE | ||
| 005 | 20230215034051.0 | ||
| 008 | 160718t2016 ua f 000 0 eng d | ||
| 020 | _a9789774167706 (pbk.) | ||
| 040 |
_aStDuBDS _beng _erda _cStDuBDS _dUk _dEG-ScBUE |
||
| 043 |
_aawgz--- _aawba--- _aa-is--- |
||
| 082 | 0 | 4 |
_a341.52026 _222 _bOSL |
| 245 | 0 | 4 |
_aThe Oslo accords : _ba critical assessment / _cedited by Petter Bauck, Mohammed Omer ; forewords by Desmond Tutu, Össur Skarphéðinsson. |
| 264 | 1 |
_aCairo ; _aNew York : _bThe American University in Cairo Press, _c[2016] |
|
| 264 | 4 | _cc2016 | |
| 300 |
_axxxiv, 277 pages ; _c24 cm |
||
| 336 |
_atext _2rdacontent _btxt |
||
| 337 |
_aunmediated _2rdamedia _bn |
||
| 338 |
_avolume _2rdacarrier _bnc |
||
| 650 | 7 |
_aArab-Israeli conflict _xPeace. _2BUEsh |
|
| 650 | 7 |
_aPeace treaties. _2BUEsh |
|
| 650 | 7 |
_aDiplomatic negotiations in international disputes. _2BUEsh |
|
| 651 | 7 |
_aIsrael _xPolitics and government _y1993- _2BUEsh |
|
| 653 |
_bBUSBOL _cFebruary2023 |
||
| 655 | _vReading book | ||
| 700 | 1 |
_aBauck, Petter, _eeditor. |
|
| 700 | 1 |
_aOmer, Mohammed, _d1984- _eeditor. |
|
| 700 | 1 |
_aÖssur Skarphéðinsson, _d1953- _eauthor of introduction, etc. |
|
| 700 | 1 |
_aTutu, Desmond, _eauthor of introduction, etc. |
|
| 942 |
_2ddc _cBB |
||
| 999 |
_c30148 _d30119 |
||